<?xml version="1.0" encoding="UTF-8"?>
<collection xmlns="http://www.loc.gov/MARC21/slim">
 <record>
  <leader>06377cam a2200925   4500</leader>
  <controlfield tag="001">177314583</controlfield>
  <controlfield tag="003">DE-627</controlfield>
  <controlfield tag="005">20240731164923.0</controlfield>
  <controlfield tag="007">tu</controlfield>
  <controlfield tag="008">950105s1952    gw ||||| m    00| ||ger c</controlfield>
  <datafield tag="015" ind1=" " ind2=" ">
   <subfield code="a">45,244,9251</subfield>
   <subfield code="2">dnb</subfield>
  </datafield>
  <datafield tag="016" ind1="7" ind2=" ">
   <subfield code="a">452449251</subfield>
   <subfield code="2">DE-101</subfield>
  </datafield>
  <datafield tag="020" ind1=" " ind2=" ">
   <subfield code="c"> : 9.80 (brosch.)</subfield>
  </datafield>
  <datafield tag="035" ind1=" " ind2=" ">
   <subfield code="a">(DE-627)177314583</subfield>
  </datafield>
  <datafield tag="035" ind1=" " ind2=" ">
   <subfield code="a">(DE-576)061512370</subfield>
  </datafield>
  <datafield tag="035" ind1=" " ind2=" ">
   <subfield code="a">(DE-599)GBV177314583</subfield>
  </datafield>
  <datafield tag="035" ind1=" " ind2=" ">
   <subfield code="a">(OCoLC)25075820</subfield>
  </datafield>
  <datafield tag="035" ind1=" " ind2=" ">
   <subfield code="a">(OCoLC)25075820</subfield>
  </datafield>
  <datafield tag="035" ind1=" " ind2=" ">
   <subfield code="a">(OCoLC)1078751350</subfield>
  </datafield>
  <datafield tag="040" ind1=" " ind2=" ">
   <subfield code="a">DE-627</subfield>
   <subfield code="b">ger</subfield>
   <subfield code="c">DE-627</subfield>
   <subfield code="e">rakwb</subfield>
  </datafield>
  <datafield tag="041" ind1=" " ind2=" ">
   <subfield code="a">ger</subfield>
  </datafield>
  <datafield tag="044" ind1=" " ind2=" ">
   <subfield code="c">XA-DE</subfield>
  </datafield>
  <datafield tag="084" ind1=" " ind2=" ">
   <subfield code="a">NDS MÖLL</subfield>
   <subfield code="2">sfb</subfield>
  </datafield>
  <datafield tag="084" ind1=" " ind2=" ">
   <subfield code="a">12a</subfield>
   <subfield code="2">sdnb</subfield>
  </datafield>
  <datafield tag="084" ind1=" " ind2=" ">
   <subfield code="a">9,10</subfield>
   <subfield code="2">ssgn</subfield>
  </datafield>
  <datafield tag="084" ind1=" " ind2=" ">
   <subfield code="a">LK 78999</subfield>
   <subfield code="2">rvk</subfield>
   <subfield code="0">(DE-625)rvk/98227:</subfield>
  </datafield>
  <datafield tag="084" ind1=" " ind2=" ">
   <subfield code="a">15.51</subfield>
   <subfield code="2">bkl</subfield>
  </datafield>
  <datafield tag="084" ind1=" " ind2=" ">
   <subfield code="a">21.70</subfield>
   <subfield code="2">bkl</subfield>
  </datafield>
  <datafield tag="100" ind1="1" ind2=" ">
   <subfield code="a">Klessmann, Rüdiger</subfield>
   <subfield code="d">1927-2020</subfield>
   <subfield code="0">(DE-588)104895543</subfield>
   <subfield code="0">(DE-627)510149413</subfield>
   <subfield code="0">(DE-576)161736602</subfield>
   <subfield code="4">aut</subfield>
  </datafield>
  <datafield tag="245" ind1="1" ind2="4">
   <subfield code="a">Die Baugeschichte der Stiftskirche zu Möllenbeck an der Weser und die Entwicklung der westlichen Dreiturmgruppe</subfield>
   <subfield code="c">Rüdiger Klessmann</subfield>
  </datafield>
  <datafield tag="263" ind1=" " ind2=" ">
   <subfield code="a">brosch. : 9.80</subfield>
  </datafield>
  <datafield tag="264" ind1=" " ind2="1">
   <subfield code="a">Göttingen</subfield>
   <subfield code="b">Musterschmidt</subfield>
   <subfield code="c">1952</subfield>
  </datafield>
  <datafield tag="300" ind1=" " ind2=" ">
   <subfield code="a">128, [8] S.</subfield>
   <subfield code="b">Ill., graph. Darst.</subfield>
   <subfield code="c">20 cm</subfield>
  </datafield>
  <datafield tag="336" ind1=" " ind2=" ">
   <subfield code="a">Text</subfield>
   <subfield code="b">txt</subfield>
   <subfield code="2">rdacontent</subfield>
  </datafield>
  <datafield tag="337" ind1=" " ind2=" ">
   <subfield code="a">ohne Hilfsmittel zu benutzen</subfield>
   <subfield code="b">n</subfield>
   <subfield code="2">rdamedia</subfield>
  </datafield>
  <datafield tag="338" ind1=" " ind2=" ">
   <subfield code="a">Band</subfield>
   <subfield code="b">nc</subfield>
   <subfield code="2">rdacarrier</subfield>
  </datafield>
  <datafield tag="361" ind1="1" ind2=" ">
   <subfield code="5">DE-Bs75</subfield>
   <subfield code="y">3780092107</subfield>
   <subfield code="s">ZN/B KlessR 0136</subfield>
   <subfield code="o">Sammlung</subfield>
   <subfield code="a">Bibliothek Dr. Rüdiger Klessmann</subfield>
   <subfield code="0">(DE-588)1260009440</subfield>
   <subfield code="0">(DE-627)1807158314</subfield>
  </datafield>
  <datafield tag="361" ind1="1" ind2=" ">
   <subfield code="5">DE-Bs75</subfield>
   <subfield code="y">3772680585</subfield>
   <subfield code="s">ZN/B KlessR 0090</subfield>
   <subfield code="o">Zugang</subfield>
   <subfield code="a">Herzog Anton Ulrich-Museum</subfield>
   <subfield code="0">(DE-588)9043-8</subfield>
   <subfield code="0">(DE-627)10026767X</subfield>
   <subfield code="0">(DE-576)190197153</subfield>
   <subfield code="f">Stempel</subfield>
  </datafield>
  <datafield tag="361" ind1="1" ind2=" ">
   <subfield code="5">DE-Bs75</subfield>
   <subfield code="y">3772680585$ZN/B KlessR 00903</subfield>
   <subfield code="o">Vorbesitz</subfield>
   <subfield code="a">Klessmann, Rüdiger</subfield>
   <subfield code="0">(DE-588)104895543</subfield>
   <subfield code="0">(DE-627)510149413</subfield>
   <subfield code="0">(DE-576)161736602</subfield>
   <subfield code="f">Widmung: Autor</subfield>
   <subfield code="k">1953-06-26</subfield>
   <subfield code="z">Hs. Widmung mit Tinte für Dora von Rüdiger Klessmann, Frankfurt, 26.06.1953</subfield>
  </datafield>
  <datafield tag="361" ind1="1" ind2=" ">
   <subfield code="5">DE-Bs75</subfield>
   <subfield code="y">3772680585</subfield>
   <subfield code="s">ZN/B KlessR 0090</subfield>
   <subfield code="o">Vorbesitz</subfield>
   <subfield code="a">Klessmann, Dora</subfield>
   <subfield code="0">(DE-588)1260007618</subfield>
   <subfield code="0">(DE-627)1807154378</subfield>
   <subfield code="f">Exemplar: Widmungsempfängerin</subfield>
  </datafield>
  <datafield tag="361" ind1="1" ind2=" ">
   <subfield code="5">DE-Bs75</subfield>
   <subfield code="y">3772680585</subfield>
   <subfield code="s">ZN/B KlessR 0090</subfield>
   <subfield code="o">Vorbesitz</subfield>
   <subfield code="a">NN</subfield>
   <subfield code="f">Einlage</subfield>
   <subfield code="f">Einlage</subfield>
   <subfield code="z">Rezension von Hans Feldtkeller zu &quot;Baugeschichte der Stiftskirche zu Möllenbeck an der Weser&quot; veröffentlicht in: Westfalen ; 32.1954,H.1 und Einlage von 6 unbeschriebenen S/W-Postkarten mit Abbildung der Klosterkirche Möllenbeck; separat archiviert</subfield>
  </datafield>
  <datafield tag="361" ind1="1" ind2=" ">
   <subfield code="5">DE-Bs75</subfield>
   <subfield code="y">3780092107</subfield>
   <subfield code="s">ZN/B KlessR 0136</subfield>
   <subfield code="o">Vorbesitz</subfield>
   <subfield code="a">Klessmann, Rüdiger</subfield>
   <subfield code="0">(DE-588)104895543</subfield>
   <subfield code="0">(DE-627)510149413</subfield>
   <subfield code="0">(DE-576)161736602</subfield>
   <subfield code="f">Einlage: Zettel: Zeitungsausschnitt</subfield>
   <subfield code="k">1950-07-28</subfield>
   <subfield code="z">Zeitungsartikel zu Ausgrabungsarbeiten an der Klosterkirche in Möllenbeck veröffentlich in: Die Welt am 28.07.1950; separat archiviert</subfield>
  </datafield>
  <datafield tag="490" ind1="1" ind2=" ">
   <subfield code="a">Göttinger Studien zur Kunstgeschichte</subfield>
   <subfield code="v">H. 1</subfield>
  </datafield>
  <datafield tag="500" ind1=" " ind2=" ">
   <subfield code="a">Literaturverz. S. 112 - 114</subfield>
  </datafield>
  <datafield tag="502" ind1=" " ind2=" ">
   <subfield code="a">Zugl.: Göttingen, Univ., Diss., 1952</subfield>
  </datafield>
  <datafield tag="561" ind1=" " ind2=" ">
   <subfield code="5">DE-Bs75</subfield>
   <subfield code="3">Exemplarsatz-ID: 3780092107, Signatur: ZN/B KlessR 0136</subfield>
   <subfield code="a">Sammlung: Bibliothek Dr. Rüdiger Klessmann ; http://d-nb.info/gnd/1260009440</subfield>
  </datafield>
  <datafield tag="561" ind1=" " ind2=" ">
   <subfield code="5">DE-Bs75</subfield>
   <subfield code="3">Exemplarsatz-ID: 3772680585, Signatur: ZN/B KlessR 0090</subfield>
   <subfield code="a">Zugang: Herzog Anton Ulrich-Museum ; http://d-nb.info/gnd/9043-8 / Stempel</subfield>
  </datafield>
  <datafield tag="561" ind1=" " ind2=" ">
   <subfield code="5">DE-Bs75</subfield>
   <subfield code="3">Exemplarsatz-ID: 3772680585$ZN/B KlessR 00903</subfield>
   <subfield code="a">Vorbesitz: Klessmann, Rüdiger ; http://d-nb.info/gnd/104895543 / Widmung: Autor / Datierung: 1953-06-26 / Erläuterung: Hs. Widmung mit Tinte für Dora von Rüdiger Klessmann, Frankfurt, 26.06.1953</subfield>
  </datafield>
  <datafield tag="561" ind1=" " ind2=" ">
   <subfield code="5">DE-Bs75</subfield>
   <subfield code="3">Exemplarsatz-ID: 3772680585, Signatur: ZN/B KlessR 0090</subfield>
   <subfield code="a">Vorbesitz: Klessmann, Dora ; http://d-nb.info/gnd/1260007618 / Exemplar: Widmungsempfängerin</subfield>
  </datafield>
  <datafield tag="561" ind1=" " ind2=" ">
   <subfield code="5">DE-Bs75</subfield>
   <subfield code="3">Exemplarsatz-ID: 3772680585, Signatur: ZN/B KlessR 0090</subfield>
   <subfield code="a">Vorbesitz: NN / Einlage / Einlage / Erläuterung: Rezension von Hans Feldtkeller zu &quot;Baugeschichte der Stiftskirche zu Möllenbeck an der Weser&quot; veröffentlicht in: Westfalen ; 32.1954,H.1 und Einlage von 6 unbeschriebenen S/W-Postkarten mit Abbildung der Klosterkirche Möllenbeck; separat archiviert</subfield>
  </datafield>
  <datafield tag="561" ind1=" " ind2=" ">
   <subfield code="5">DE-Bs75</subfield>
   <subfield code="3">Exemplarsatz-ID: 3780092107, Signatur: ZN/B KlessR 0136</subfield>
   <subfield code="a">Vorbesitz: Klessmann, Rüdiger ; http://d-nb.info/gnd/104895543 / Einlage: Zettel: Zeitungsausschnitt / Datierung: 1950-07-28 / Erläuterung: Zeitungsartikel zu Ausgrabungsarbeiten an der Klosterkirche in Möllenbeck veröffentlich in: Die Welt am 28.07.1950; separat archiviert</subfield>
  </datafield>
  <datafield tag="583" ind1="1" ind2=" ">
   <subfield code="a">Massenentsäuert</subfield>
   <subfield code="c">2016</subfield>
   <subfield code="k">DE-18</subfield>
   <subfield code="2">pdager</subfield>
   <subfield code="5">DE-18-308</subfield>
  </datafield>
  <datafield tag="583" ind1="1" ind2=" ">
   <subfield code="a">Archivierung/Langzeitarchivierung gewährleistet</subfield>
   <subfield code="f">SSG</subfield>
   <subfield code="x">XA-DE-BW</subfield>
   <subfield code="2">pdager</subfield>
   <subfield code="5">DE-16</subfield>
  </datafield>
  <datafield tag="583" ind1="1" ind2=" ">
   <subfield code="a">Archivierung/Langzeitarchivierung gewährleistet</subfield>
   <subfield code="f">PENI</subfield>
   <subfield code="x">XA-DE-NI</subfield>
   <subfield code="2">pdager</subfield>
   <subfield code="5">DE-35</subfield>
  </datafield>
  <datafield tag="651" ind1=" " ind2="4">
   <subfield code="a">Möllenbeck / Stiftskirche</subfield>
  </datafield>
  <datafield tag="655" ind1=" " ind2="7">
   <subfield code="a">Hochschulschrift</subfield>
   <subfield code="0">(DE-588)4113937-9</subfield>
   <subfield code="0">(DE-627)105825778</subfield>
   <subfield code="0">(DE-576)209480580</subfield>
   <subfield code="2">gnd-content</subfield>
  </datafield>
  <datafield tag="689" ind1="0" ind2="0">
   <subfield code="d">g</subfield>
   <subfield code="0">(DE-588)4758593-6</subfield>
   <subfield code="0">(DE-627)376023651</subfield>
   <subfield code="0">(DE-576)216114020</subfield>
   <subfield code="a">Stiftskirche Möllenbeck</subfield>
   <subfield code="2">gnd</subfield>
  </datafield>
  <datafield tag="689" ind1="0" ind2="1">
   <subfield code="a">z</subfield>
   <subfield code="2">gnd</subfield>
   <subfield code="a">Geschichte</subfield>
  </datafield>
  <datafield tag="689" ind1="0" ind2=" ">
   <subfield code="5">(DE-627)</subfield>
  </datafield>
  <datafield tag="689" ind1="1" ind2="0">
   <subfield code="d">g</subfield>
   <subfield code="0">(DE-588)4101085-1</subfield>
   <subfield code="0">(DE-627)10593075X</subfield>
   <subfield code="0">(DE-576)209366907</subfield>
   <subfield code="a">Möllenbeck</subfield>
   <subfield code="g">Rinteln</subfield>
   <subfield code="2">gnd</subfield>
  </datafield>
  <datafield tag="689" ind1="1" ind2="1">
   <subfield code="d">g</subfield>
   <subfield code="0">(DE-588)4052141-2</subfield>
   <subfield code="0">(DE-627)106173472</subfield>
   <subfield code="0">(DE-576)209097019</subfield>
   <subfield code="a">Schaumburg-Lippe</subfield>
   <subfield code="2">gnd</subfield>
  </datafield>
  <datafield tag="689" ind1="1" ind2="2">
   <subfield code="d">g</subfield>
   <subfield code="0">(DE-588)4011882-4</subfield>
   <subfield code="0">(DE-627)104704861</subfield>
   <subfield code="0">(DE-576)208896155</subfield>
   <subfield code="a">Deutschland</subfield>
   <subfield code="2">gnd</subfield>
  </datafield>
  <datafield tag="689" ind1="1" ind2=" ">
   <subfield code="5">(DE-627)</subfield>
  </datafield>
  <datafield tag="751" ind1=" " ind2=" ">
   <subfield code="a">Göttingen</subfield>
   <subfield code="0">(DE-588)4021477-1</subfield>
   <subfield code="0">(DE-627)106313819</subfield>
   <subfield code="0">(DE-576)20893815X</subfield>
   <subfield code="4">uvp</subfield>
  </datafield>
  <datafield tag="787" ind1="0" ind2="8">
   <subfield code="i">Rezensiert in</subfield>
   <subfield code="a">Kubach, Hans Erich, 1909 - 1999</subfield>
   <subfield code="t">[Rezension von: Rüdiger Klessmann, Die Baugeschichte der Stiftskirche zu Möllenbeck an der Weser]</subfield>
   <subfield code="d">1954</subfield>
   <subfield code="w">(DE-627)1819703487</subfield>
  </datafield>
  <datafield tag="830" ind1=" " ind2="0">
   <subfield code="a">Göttinger Studien zur Kunstgeschichte</subfield>
   <subfield code="v">1</subfield>
   <subfield code="9">1</subfield>
   <subfield code="w">(DE-627)130173606</subfield>
   <subfield code="w">(DE-576)061559962</subfield>
   <subfield code="w">(DE-600)521892-5</subfield>
   <subfield code="7">ns</subfield>
  </datafield>
  <datafield tag="889" ind1=" " ind2=" ">
   <subfield code="w">(DE-627)792056787</subfield>
  </datafield>
  <datafield tag="889" ind1=" " ind2=" ">
   <subfield code="w">(DE-627)432469974</subfield>
  </datafield>
  <datafield tag="935" ind1=" " ind2=" ">
   <subfield code="i">Blocktest</subfield>
  </datafield>
  <datafield tag="936" ind1="r" ind2="v">
   <subfield code="a">LK 78999</subfield>
   <subfield code="b">Sonstige Orte (CSN)</subfield>
   <subfield code="k">Kunstgeschichte</subfield>
   <subfield code="k">Kunst nach Ländern bzw. Kontinenten</subfield>
   <subfield code="k">Deutschland</subfield>
   <subfield code="k">Kunsttopografie Deutschlands</subfield>
   <subfield code="k">Orte Deutschlands</subfield>
   <subfield code="k">Sonstige Orte (CSN)</subfield>
   <subfield code="0">(DE-627)1270644114</subfield>
   <subfield code="0">(DE-625)rvk/98227:</subfield>
   <subfield code="0">(DE-576)200644114</subfield>
  </datafield>
  <datafield tag="936" ind1="b" ind2="k">
   <subfield code="a">15.51</subfield>
   <subfield code="j">Niedersachsen</subfield>
   <subfield code="j">Bremen</subfield>
   <subfield code="x">Geschichte</subfield>
   <subfield code="q">ARK</subfield>
   <subfield code="0">(DE-627)181571579</subfield>
  </datafield>
  <datafield tag="936" ind1="b" ind2="k">
   <subfield code="a">21.70</subfield>
   <subfield code="j">Geschichte der Sakralbaukunst</subfield>
   <subfield code="0">(DE-627)106421255</subfield>
  </datafield>
  <datafield tag="951" ind1=" " ind2=" ">
   <subfield code="a">BO</subfield>
  </datafield>
  <datafield tag="990" ind1=" " ind2=" ">
   <subfield code="a">Stiftskirche Möllenbeck</subfield>
  </datafield>
  <datafield tag="990" ind1=" " ind2=" ">
   <subfield code="a">Geschichte</subfield>
  </datafield>
  <datafield tag="990" ind1=" " ind2=" ">
   <subfield code="a">Möllenbeck</subfield>
  </datafield>
  <datafield tag="990" ind1=" " ind2=" ">
   <subfield code="a">Schaumburg-Lippe</subfield>
  </datafield>
  <datafield tag="990" ind1=" " ind2=" ">
   <subfield code="a">Deutschland</subfield>
  </datafield>
  <datafield tag="991" ind1=" " ind2=" ">
   <subfield code="a">Rezensiertes Werk</subfield>
  </datafield>
  <datafield tag="999" ind1=" " ind2=" ">
   <subfield code="a">KXP-PPN177314583</subfield>
   <subfield code="e">4277325505</subfield>
  </datafield>
 </record>
</collection>
